000 00859nam a2200265 a 4500
001 BRCA_4371
005 20190320204639.0
008 101208m18641865gw-a######---#000-0#ger-u
041 _ager
044 _agw
050 4 _aF1211
_b.M85 2 1864
100 1 _aMüller, Baron I. W. von
_98001
245 1 0 _aReisen in den Vereinigten Staaten, Canada und Mexico
_cvon Baron I. W. von Müller.
260 _aLeipzig
_bF. A. Brockhaus
_c1864-1865
300 _a3 v.
_bil., láminas, 2 mapas
_c23 cm.
500 _aEl vol.3 se divide en 2 tomos
500 _aEjemplar igual a B15 (v.1 y 2) y CDE38 (v.3)
500 _aB211
650 1 4 _aViajeros alemanes
_97026
651 4 _aMéxico
_xDescripción y viajes
_9103
651 4 _aCanadá
_xDescripción y viajes
_98002
651 4 _aEstados Unidos
_xDescripción y viajes
_911136
902 _aGFM
942 _2lcc
_cB
999 _c4082
_d4082